000 00298nam a2200109Ia 4500
001 588952
005 20250717120840.0
008 250717s9999 xx 000 0 und d
245 0 _aY-9 HARİTA KORUYUCULARI ZAMAN MİSAFİRLERİ
_cESRA BAHADIR CESAR
260 _bERDEM YAYINLARI
_c2020
300 _b207
999 _c588952
_d588952